000 00301nam a22001337a 4500
008 170306b xxu||||| |||| 00| 0 eng d
020 _a9780781736398
041 _aeng
080 _25ED
_a611
100 _a6
101 _aSHM
245 _aCLINICALLYB ORIENTED ANATOMY
_cMOORE.K.L
942 _2udc
_cBK
999 _c6844
_d6844